[Event "Superbet Varsavia Rapid 2022"]
[Site "Varsavia"]
[Date "19.05.2022"]
[Round "1R"]
[White "So, W"]
[Black "Korobov, A"]
[Result "1/2-1/2"]
[WhiteElo "2776"]
[BlackElo "2671"]
[EventDate "2022.05.17"]

1. d4 Nf6 2. c4 c6 3. Nf3 d5 4. e3 Bf5 5. Nc3 e6 6. Nh4 Be4 7. f3 Bg6 8.
Qb3 Qc7 9. cxd5 Nxd5 10. e4 Nxc3 11. bxc3 Be7 12. Nxg6 hxg6 13. g3 Nd7 14.
Be3 O-O 15. Be2 c5 16. Kf2 e5 17. Rac1 Rac8 18. Rhd1 c4 19. Qb2 a6 20. a4
Rb8 21. dxe5 b5 22. f4 Nc5 23. Bxc5 Qxc5+ 24. Kf3 bxa4 25. Qa2 a3 26. Qxc4
Qb6 27. Rb1 Qxb1 28. Rxb1 Rxb1 29. Qxa6 Rb3 30. Bc4 Rxc3+ 31. Kg4 Rd8 32.
Kh3 Rxc4 33. Qxc4 Rd2 34. e6 f5 35. exf5 gxf5 36. Qc8+ Kh7 37. Qc3 a2 38.
Qa5 Kg6 39. g4 fxg4+ 40. Kxg4 Rg2+ 41. Kh3 Rc2 42. Kg4 Rxh2 43. Qe5 Kh6 44.
Qa5 Bf6 45. e7 Bxe7 46. Qa8 Kh7 47. Qe4+ Kg8 48. Qa8+ Kh7 49. Qe4+ Kg8 50.
Qa8+ 1/2-1/2

[Event "Superbet Varsavia Rapid 2022"]
[Site "Varsavia"]
[Date "19.05.2022"]
[Round "1R"]
[White "Shevchenko, K"]
[Black "Rapport, R"]
[Result "0-1"]
[WhiteElo "2644"]
[BlackElo "2776"]
[EventDate "2022.05.17"]

1. e4 e6 2. d4 d5 3. e5 c5 4. c3 Bd7 5. Nf3 Nc6 6. Be2 Nge7 7. O-O Ng6 8.
g3 f6 9. exf6 Qxf6 10. Be3 cxd4 11. Nxd4 Bd6 12. Nb5 Bb8 13. c4 a6 14. cxd5
exd5 15. N1c3 axb5 16. Nxd5 Qf7 17. Bc5 Be6 18. Re1 Be5 19. Nb6 Rd8 20. Qc2
Nge7 21. Bxb5 O-O 22. Rad1 Nd4 23. Rxd4 Bxd4 24. Rxe6 Bxc5 25. Qxc5 Rd1+
26. Kg2 Qf3+ 27. Kh3 Nd5 28. Qc4 Nf4+ 29. Qxf4 Rxf4 30. Be2 Rh4+ 31. Kxh4
Rd4+ 0-1

[Event "Superbet Varsavia Rapid 2022"]
[Site "Varsavia"]
[Date "19.05.2022"]
[Round "1R"]
[White "Aronian, L"]
[Black "Caruana, F"]
[Result "1-0"]
[WhiteElo "2765"]
[BlackElo "2786"]
[EventDate "2022.05.17"]

1. e4 e5 2. Bc4 Nf6 3. d3 Bc5 4. Nc3 O-O 5. f4 exf4 6. Bxf4 c6 7. d4 Bb4 8.
e5 d5 9. Bd3 Ne4 10. Bxe4 dxe4 11. Nge2 Bg4 12. O-O Bxc3 13. bxc3 Qd5 14.
h3 Bh5 15. g4 Bg6 16. h4 e3 17. h5 Be4 18. Bxe3 Bf3 19. Qe1 Qe4 20. Nf4 Nd7
21. Qf2 Bxg4 22. Rae1 Be6 23. Qh2 Nb6 24. Bc1 Qf5 25. Rf2 Bxa2 26. h6 g6
27. Ba3 Rfe8 28. Nxg6 Qxg6+ 29. Rg2 Re6 30. Rxg6+ Rxg6+ 31. Kf2 Nd5 32. Rg1
Nxc3 33. Rxg6+ hxg6 34. h7+ Kh8 35. Be7 Ne4+ 36. Ke3 Re8 37. Qh6 Rxe7 38.
Qf8+ Kxh7 39. Qxe7 Nc3 40. Qxb7 Bd5 41. Kd3 c5 42. Qxa7 cxd4 43. Qxd4 Na2
44. Kd2 Be6 45. Qa4 1-0

[Event "Superbet Varsavia Rapid 2022"]
[Site "Varsavia"]
[Date "19.05.2022"]
[Round "1R"]
[White "Duda, J"]
[Black "Gavrilescu, D"]
[Result "1-0"]
[WhiteElo "2750"]
[BlackElo "2518"]
[EventDate "2022.05.17"]

1. e4 e6 2. d4 d5 3. Nc3 Nf6 4. Bg5 dxe4 5. Nxe4 Be7 6. Bxf6 gxf6 7. Nf3 f5
8. Nc3 a6 9. Qe2 b5 10. O-O-O b4 11. Na4 Qd5 12. c4 Qa5 13. b3 Bd7 14. d5
Bxa4 15. bxa4 Qxa4 16. dxe6 b3 17. exf7+ Kxf7 18. c5 bxa2 19. Qc4+ Qxc4+
20. Bxc4+ Kg7 21. Bxa2 Bxc5 22. Rhe1 Rf8 23. Ng5 Ba3+ 24. Kc2 Nc6 25. Ne6+
Kh8 26. Nxf8 Bxf8 27. Be6 Nb4+ 28. Kc3 Rb8 29. Rd7 Nd5+ 30. Kc2 Nb4+ 31.
Kd1 Nc6 32. Bxf5 Bg7 33. Rxc7 Rd8+ 34. Bd7 Ne5 35. Rc8 1-0

[Event "Superbet Varsavia Rapid 2022"]
[Site "Varsavia"]
[Date "19.05.2022"]
[Round "2R"]
[White "Korobov, A"]
[Black "Gavrilescu, D"]
[Result "1-0"]
[WhiteElo "2671"]
[BlackElo "2518"]
[EventDate "2022.05.17"]

1. d4 d5 2. c4 e6 3. Nc3 Nf6 4. cxd5 exd5 5. Bg5 Bb4 6. e3 h6 7. Bxf6 Qxf6
8. Qa4+ Nc6 9. Nf3 O-O 10. Rc1 a6 11. a3 Bxc3+ 12. Rxc3 Qg6 13. Qd1 Re8 14.
h3 Bf5 15. Nh4 Qf6 16. Nxf5 Qxf5 17. Bd3 Qd7 18. Qg4 Qxg4 19. hxg4 Nxd4 20.
Rxc7 Ne6 21. Rc2 d4 22. e4 Nf4 23. Kd2 Nxg2 24. Rc7 b5 25. Rh5 Nf4 26. Rf5
Ne6 27. Rcxf7 Ng5 28. Rc7 Nxe4+ 29. Kd1 Ng5 30. f4 Re3 31. Bxb5 axb5 32.
fxg5 b4 33. Rff7 hxg5 34. Rxg7+ Kf8 35. Rh7 Kg8 36. Rcg7+ Kf8 37. Rxg5 Rae8
38. Rh8+ Ke7 39. Rxe8+ Kxe8 40. a4 Rg3 41. a5 Rg2 42. a6 Rg1+ 43. Kc2 Ra1
44. Rg6 Kf7 45. Rd6 d3+ 46. Kb3 Ke7 47. Rxd3 Rxa6 48. Rd4 Ke6 49. Kxb4 Rb6+
50. Kc3 Ke5 51. b4 Ra6 52. Rd8 Rg6 53. b5 Rxg4 54. b6 Rg1 55. b7 1-0

[Event "Superbet Varsavia Rapid 2022"]
[Site "Varsavia"]
[Date "19.05.2022"]
[Round "2R"]
[White "Caruana, F"]
[Black "Duda, J"]
[Result "1-0"]
[WhiteElo "2786"]
[BlackElo "2750"]
[EventDate "2022.05.17"]

1. c4 e6 2. Nc3 d5 3. d4 Nf6 4. cxd5 exd5 5. Bg5 c6 6. e3 h6 7. Bh4 Bf5 8.
Qf3 Bh7 9. Bxf6 Qxf6 10. Qxf6 gxf6 11. Kd2 Nd7 12. Bd3 Nb6 13. Bxh7 Rxh7
14. Nf3 Nc4+ 15. Kc2 f5 16. Ne2 Nd6 17. Ng3 Be7 18. Nh5 Ne4 19. Raf1 O-O-O
20. h3 Rg8 21. Rhg1 Rhh8 22. Ne5 Nd6 23. Kd3 a5 24. a4 Kc7 25. Ke2 Rf8 26.
g4 fxg4 27. hxg4 Rhg8 28. Nf4 Bg5 29. Nfd3 Re8 30. b3 Rg7 31. Rh1 Ne4 32.
Rh3 f6 33. Nf3 Nxf2 34. Nxf2 Bxe3 35. Kd3 Rge7 36. Nd1 Bf4 37. Rhh1 Re4 38.
Nc3 Re3+ 39. Kc2 Rg8 40. Rhg1 Bd6 41. Ne1 Rg6 42. Nd3 Rh3 43. Nf4 Rh2+ 44.
Kd3 Rg8 45. Nce2 Kb6 46. Rg2 Rxg2 47. Nxg2 Rxg4 48. Ne3 Rg6 49. Rh1 Ka7 50.
Rh3 Ka6 51. Nf5 Bf8 52. Rg3 Rg5 53. Rxg5 fxg5 54. Neg3 b5 55. Ne3 Kb6 56.
Nh5 Be7 57. Nf5 Bf8 58. Nf6 Ka6 59. Nd7 Ba3 60. Nxh6 Bc1 61. Ng4 Kb7 62.
Ngf6 Kc7 63. Nc5 Kb6 64. Ne6 Ka6 65. Kc2 Be3 66. Ng4 Bf4 67. Nxf4 gxf4 68.
Ne5 bxa4 69. bxa4 Kb6 70. Kd3 Kc7 71. Ke2 1-0

[Event "Superbet Varsavia Rapid 2022"]
[Site "Varsavia"]
[Date "19.05.2022"]
[Round "2R"]
[White "Rapport, R"]
[Black "Aronian, L"]
[Result "1/2-1/2"]
[WhiteElo "2776"]
[BlackElo "2765"]
[EventDate "2022.05.17"]

1. e4 c5 2. Nf3 d6 3. Bc4 Nc6 4. O-O Nf6 5. d3 a6 6. Bb3 h6 7. c3 Bg4 8.
Nbd2 e6 9. h3 Bh5 10. g4 Bg6 11. Nh4 Bh7 12. Ng2 d5 13. Qe2 Be7 14. Bc2 g5
15. f4 gxf4 16. Nxf4 Qc7 17. exd5 exd5 18. Nb3 O-O-O 19. d4 Bxc2 20. Qxc2
h5 21. Qf5+ Kb8 22. Ng2 Ka8 23. Bf4 Qb6 24. dxc5 Qb5 25. g5 Ne4 26. Rad1
Rhg8 27. h4 f6 28. Rxd5 fxg5 29. Rxd8+ Rxd8 30. Bc7 Re8 31. Re1 Nxc5 32.
Bd6 Nd3 33. Qxb5 axb5 34. Re3 Nxb2 35. Bxe7 Rxe7 36. Rxe7 Nxe7 37. hxg5 Nd1
38. Nf4 Nxc3 39. g6 Nxg6 40. Nxg6 Nxa2 41. Nf4 Nb4 42. Nxh5 Na6 43. Nf6 b6
44. Nd4 Kb7 45. Nxb5 Kc6 46. Na7+ Kb7 47. Nd7 Kxa7 48. Nxb6 Kxb6 1/2-1/2

[Event "Superbet Varsavia Rapid 2022"]
[Site "Varsavia"]
[Date "19.05.2022"]
[Round "2R"]
[White "Wojtaszek, R"]
[Black "Shevchenko, K"]
[Result "1/2-1/2"]
[WhiteElo "2696"]
[BlackElo "2644"]
[EventDate "2022.05.17"]

1. d4 Nf6 2. c4 c5 3. d5 b5 4. cxb5 a6 5. bxa6 e6 6. Nc3 exd5 7. Nxd5 Nxa6
8. Bg5 Be7 9. Nxe7 Qxe7 10. Nf3 h6 11. Bf4 Qe4 12. e3 Nb4 13. Rc1 Nxa2 14.
Rc4 Qb7 15. Be2 d5 16. Ra4 O-O 17. Rxa8 Qxa8 18. O-O Ne4 19. Re1 Nb4 20.
Nd2 Ba6 21. Be5 Qc6 22. Nxe4 dxe4 23. Bxa6 Qxa6 24. Qg4 Qg6 25. Qxg6 fxg6
26. Bc3 Nd3 27. Rf1 g5 28. f3 exf3 29. gxf3 Re8 30. e4 g4 31. fxg4 Rxe4 32.
h3 Re3 33. Kg2 g5 34. Rf3 Nf4+ 35. Kf2 Re2+ 36. Kf1 Rh2 37. Be5 Rh1+ 38.
Kf2 Rh2+ 39. Kf1 Rh1+ 40. Kf2 Ng6 41. Bc3 Nh4 42. Rf6 Rh2+ 43. Kf1 Rxh3 44.
Rxh6 Rf3+ 45. Ke2 Rf4 46. Rc6 c4 47. Bd2 Re4+ 48. Kd1 Rxg4 49. Bxg5 Rxg5
50. Rxc4 Nf5 51. Kd2 Kf7 52. b4 Ke6 53. Rc5 Rg3 54. Rc8 Kd5 55. b5 Nd6 56.
Rb8 Kc5 57. b6 Nc4+ 58. Ke2 Nxb6 59. Rd8 Nd5 60. Kf2 Rb3 61. Ke2 Kd4 62.
Kf2 Rb6 63. Kf3 Rg6 64. Kf2 Rg7 65. Kf3 Rf7+ 66. Ke2 Rf6 67. Rd7 Ke4 68.
Rd8 Nf4+ 69. Kd2 Ne6 70. Re8 Kd4 71. Ke2 Nf4+ 72. Kf3 Nd3+ 73. Kg3 Ne5 74.
Ra8 Rf3+ 75. Kg2 Rc3 76. Ra4+ Ke3 77. Kg3 Rb3 78. Ra8 Ke4+ 79. Kf2 Ng4+ 80.
Ke2 Rb2+ 81. Kd1 Ne5 82. Rd8 Nf3 83. Kc1 Rh2 84. Kb1 Nd4 85. Rg8 Kd3 86.
Rg3+ Kc4 87. Rg8 Rf2 88. Rc8+ Kd3 89. Rg8 Nb5 90. Kc1 Rh2 91. Rg3+ Kc4 92.
Rg8 Nd4 93. Rc8+ Kd3 94. Kb1 Rh6 95. Kb2 Rb6+ 96. Ka3 Nc6 97. Rh8 Kc4 98.
Rh4+ Nd4 99. Ka2 Rf6 100. Rh8 Kc3 101. Rh3+ Nf3 102. Kb1 Rf5 103. Kc1 Rf4
104. Kb1 Kb3 105. Kc1 Kc3 106. Kb1 Rf8 107. Kc1 Rf6 108. Kb1 Kd2 109. Kb2
Nd4 110. Rh2+ Kd3 111. Rh3+ Kc4 112. Rc3+ Kb4 113. Rc8 Rf2+ 114. Kc1 Nb3+
115. Kd1 Nc5 116. Ke1 Ra2 117. Rd8 Kc3 118. Kf1 Ne6 1/2-1/2

[Event "Superbet Varsavia Rapid 2022"]
[Site "Varsavia"]
[Date "19.05.2022"]
[Round "3R"]
[White "Shevchenko, K"]
[Black "So, W"]
[Result "0-1"]
[WhiteElo "2644"]
[BlackElo "2776"]
[EventDate "2022.05.17"]

1. e4 e5 2. Nf3 Nc6 3. Bb5 Nf6 4. O-O Nxe4 5. Re1 Nd6 6. Bf1 Be7 7. Nc3 f6
8. d4 Nf7 9. Nd5 O-O 10. c4 d6 11. Bd3 f5 12. b4 e4 13. b5 Nb8 14. Nd2 Bg5
15. Bc2 Be6 16. f3 c6 17. fxe4 cxd5 18. exd5 Bc8 19. a4 a6 20. Nf3 Bxc1 21.
Rxc1 b6 22. Qd2 g6 23. Re6 axb5 24. axb5 Nd7 25. Rce1 Nf6 26. Qf4 Ra7 27.
R6e2 Re8 28. Rxe8+ Nxe8 29. h3 Nf6 30. Kh2 Kg7 31. Bb3 h6 32. Qe3 Ng5 33.
Nxg5 hxg5 34. Kg1 g4 35. h4 Kf7 36. Qg5 Re7 37. Rf1 Qh8 38. c5 Ne4 39. Qe3
Qxh4 40. cxd6 g3 41. Re1 Qh2+ 42. Kf1 Nd2+ 0-1

[Event "Superbet Varsavia Rapid 2022"]
[Site "Varsavia"]
[Date "19.05.2022"]
[Round "3R"]
[White "Aronian, L"]
[Black "Wojtaszek, R"]
[Result "1/2-1/2"]
[WhiteElo "2765"]
[BlackElo "2696"]
[EventDate "2022.05.17"]

1. e4 c5 2. Nf3 d6 3. Bc4 Nf6 4. d3 Nc6 5. O-O g6 6. h3 Bg7 7. Nc3 O-O 8.
a3 b6 9. Be3 Bb7 10. Ba2 e6 11. Qc1 Rc8 12. Re1 Ne5 13. Nh2 a6 14. Bh6 Re8
15. Bxg7 Kxg7 16. f4 Nc6 17. Rf1 Nd4 18. Qd2 d5 19. e5 Nd7 20. Rae1 f5 21.
exf6+ Nxf6 22. Ne2 Nc6 23. Nf3 Qd6 24. d4 a5 25. Ng3 Nxd4 26. Nxd4 cxd4 27.
Ne2 Ba6 28. Rf3 e5 29. Nc1 e4 30. Rg3 e3 31. Qxd4 Re4 32. Qd1 Qxf4 33. Rf3
Qg5 34. Ne2 Bxe2 35. Rxe2 d4 36. Qd3 Rf4 37. Qa6 Rxf3 38. Qxc8 Rf2 39. Rxf2
exf2+ 40. Kxf2 Qe3+ 41. Kf1 Qc1+ 42. Ke2 Qe3+ 43. Kf1 Qc1+ 44. Ke2 Qe3+ 45.
Kf1 d3 46. cxd3 Qxd3+ 47. Kg1 Qd4+ 48. Kh1 Qxb2 49. Qc7+ Kh6 50. Qf4+ g5
51. Qf1 Qe5 52. Bb1 b5 53. Bd3 b4 54. axb4 axb4 55. Bc2 Qf4 56. Qe1 g4 57.
hxg4 Qxg4 58. Kg1 Qf4 59. g3 Qd4+ 60. Kh2 Ng4+ 61. Kh3 Ne3 62. Qe2 Kg5 63.
Qb5+ Qd5 64. Qxd5+ Nxd5 65. Bxh7 b3 66. Kg2 b2 67. Kf2 Nf6 68. Bc2 Nh5 69.
Kf3 Nxg3 70. Kxg3 Kf6 71. Kf4 b1=Q 72. Bxb1 1/2-1/2

[Event "Superbet Varsavia Rapid 2022"]
[Site "Varsavia"]
[Date "19.05.2022"]
[Round "3R"]
[White "Duda, J"]
[Black "Rapport, R"]
[Result "1-0"]
[WhiteElo "2750"]
[BlackElo "2776"]
[EventDate "2022.05.17"]

1. d4 Nf6 2. c4 g6 3. Nc3 Bg7 4. e4 d6 5. Nf3 O-O 6. Be2 e5 7. O-O Nc6 8.
d5 Ne7 9. Ne1 Ne8 10. Nd3 f5 11. Bd2 f4 12. b4 g5 13. c5 Ng6 14. Rc1 Nf6
15. f3 Rf7 16. Kh1 h5 17. g3 Kh7 18. Nf2 Bf8 19. c6 b6 20. Rg1 Bh6 21. a4
fxg3 22. hxg3 g4 23. fxg4 Bxd2 24. Qxd2 h4 25. g5 Ne8 26. Rcf1 hxg3 27.
Rxg3 Rf4 28. Nd3 Rh4+ 29. Kg1 Ng7 30. Rf7 Qh8 31. Rxc7 Kg8 32. Nf2 Nf4 33.
Nb5 Rh2 34. Qe3 Qh4 35. Bd1 Ngh5 36. Rxc8+ Rxc8 37. Rg4 Rxf2 38. Rxh4 Rg2+
39. Kf1 Ng3+ 40. Ke1 Rf8 41. Nxd6 Ng6 42. Nf5 Nxh4 43. Qxg3 Rxg3 44. Nxg3
Kf7 45. Bg4 Ke7 46. c7 1-0

[Event "Superbet Varsavia Rapid 2022"]
[Site "Varsavia"]
[Date "19.05.2022"]
[Round "3R"]
[White "Gavrilescu, D"]
[Black "Caruana, F"]
[Result "0-1"]
[WhiteElo "2518"]
[BlackElo "2786"]
[EventDate "2022.05.17"]

1. e4 c5 2. Nf3 Nc6 3. Bb5 e6 4. Bxc6 bxc6 5. d3 Ne7 6. Nbd2 Ng6 7. h4 h5
8. e5 d6 9. Qe2 d5 10. g3 c4 11. dxc4 Ba6 12. O-O Ne7 13. b3 Nf5 14. Rd1
Qb6 15. Nf1 Bc5 16. Ne3 Nd4 17. Nxd4 Bxd4 18. Rb1 O-O-O 19. Bd2 Bxe5 20.
Ng2 Bc7 21. Bf4 c5 22. Bxc7 Qxc7 23. Qf3 d4 24. Qa8+ Kd7 25. Qf3 Ke7 26.
Qf4 e5 27. Qg5+ Kf8 28. b4 f6 29. Qf5 Kf7 30. bxc5 Bxc4 31. Qf3 Bd5 32. Qa3
Ba8 33. Ne1 Rd7 34. c3 Qc6 35. f3 d3 36. Rb2 e4 37. Qb3+ Kg6 38. Qc4 Re8
39. Ng2 exf3 40. Nf4+ Kh6 41. Rf2 d2 42. Kh2 g5 43. hxg5+ fxg5 44. Rfxd2
Rxd2+ 45. Rxd2 f2 46. Rd6+ Qxd6 47. cxd6 Re1 48. Nd5 Bxd5 0-1

[Event "Superbet Varsavia Rapid 2022"]
[Site "Varsavia"]
[Date "20.05.2022"]
[Round "4R"]
[White "Korobov, A"]
[Black "Caruana, F"]
[Result "1/2-1/2"]
[WhiteElo "2671"]
[BlackElo "2786"]
[EventDate "2022.05.17"]

1. c4 e5 2. Nc3 Nf6 3. Nf3 Nc6 4. a3 g6 5. g3 Bg7 6. Bg2 O-O 7. O-O d6 8.
d3 a5 9. Rb1 h6 10. b4 axb4 11. axb4 Ne7 12. Bb2 Be6 13. Ra1 Qd7 14. Qc2
Bh3 15. Rxa8 Rxa8 16. Ra1 Rxa1+ 17. Bxa1 Bxg2 18. Kxg2 g5 19. Qa2 c6 20. c5
g4 21. Nh4 d5 22. Qa8+ Kh7 23. Na4 e4 24. Nb6 Qe6 25. Qxb7 exd3 26. exd3
Qe2 27. Nc8 Ng6 28. Bxf6 Nxh4+ 29. gxh4 Qf3+ 30. Kg1 Qd1+ 31. Kg2 Qf3+ 32.
Kg1 Qd1+ 33. Kg2 Qf3+ 1/2-1/2

[Event "Superbet Varsavia Rapid 2022"]
[Site "Varsavia"]
[Date "20.05.2022"]
[Round "4R"]
[White "Rapport, R"]
[Black "Gavrilescu, D"]
[Result "1-0"]
[WhiteElo "2776"]
[BlackElo "2518"]
[EventDate "2022.05.17"]

1. e4 e6 2. d3 d5 3. Nd2 c5 4. g3 Nc6 5. Bg2 Nf6 6. Ngf3 Be7 7. O-O O-O 8.
a4 Qc7 9. Re1 h6 10. e5 Nd7 11. Qe2 b6 12. h4 Nb4 13. Nf1 Ba6 14. Qd1 Rfc8
15. N1h2 Qd8 16. Bf4 b5 17. c3 Nc6 18. axb5 Bxb5 19. Ng4 Bf8 20. Qe2 Ne7
21. h5 a5 22. Ne3 Qb6 23. g4 d4 24. Nc4 Bxc4 25. dxc4 Rab8 26. Bc1 Qa6 27.
g5 dxc3 28. bxc3 Nb6 29. gxh6 Qxc4 30. hxg7 Bxg7 31. Qc2 Nbd5 32. h6 Bh8
33. Re4 Qxc3 34. Rg4+ Kf8 35. Qh7 Ke8 36. Rga4 Kd7 37. Bd2 Qb2 38. Rxa5
Bxe5 39. Nxe5+ Qxe5 40. Qxf7 Rc7 41. h7 Rh8 42. Ra8 Rcc8 43. R1a7+ Kd6 44.
Bxd5 Kxd5 45. Rxc8 Nxc8 46. Qb7+ Kc4 47. Ra4+ Kd3 48. Qb3+ Ke2 49. Ra2 Qd5
50. Ba5+ 1-0

[Event "Superbet Varsavia Rapid 2022"]
[Site "Varsavia"]
[Date "20.05.2022"]
[Round "4R"]
[White "Wojtaszek, R"]
[Black "Duda, J"]
[Result "0-1"]
[WhiteElo "2696"]
[BlackElo "2750"]
[EventDate "2022.05.17"]

1. d4 g6 2. e4 Bg7 3. Nf3 d6 4. Bc4 e6 5. O-O Nd7 6. Re1 a6 7. a4 b6 8.
Nbd2 Bb7 9. Nf1 Ngf6 10. Bd3 O-O 11. Ng3 c5 12. c3 Qc7 13. Qe2 Rfc8 14. Bd2
c4 15. Bc2 b5 16. Ra2 Nb6 17. e5 dxe5 18. Nxe5 Bd5 19. a5 Nbd7 20. Bf4 Qb7
21. f3 Nxe5 22. Bxe5 Qe7 23. Ne4 Rd8 24. Qd2 Ra7 25. Raa1 Nh5 26. Bxg7 Kxg7
27. Qe3 Bxe4 28. Qxe4 Nf6 29. Qe5 Rd5 30. Qf4 b4 31. Bd1 Rb5 32. Be2 Nd5
33. Qe5+ Nf6 34. Qf4 bxc3 35. bxc3 Rb3 36. Qd2 Rc7 37. Ra4 Ra3 38. Ra1
Rxa1+ 39. Rxa1 e5 40. Qe3 Nd5 41. Qxe5+ Qxe5 42. dxe5 Nxc3 43. Bf1 Nb5 44.
Kf2 Rc5 45. f4 Nd4 46. Rc1 c3 47. Bxa6 Nb3 48. Rc2 Nd4 49. Rc1 Nb3 50. Rc2
Nxa5 51. Ke3 Nc6 52. Rc1 Nb4 53. Bd3 Na2 54. Rc2 Nb4 55. Rc1 c2 56. Be4 Rc4
57. g4 Kf8 58. h4 Ke7 59. f5 gxf5 60. Bxf5 h6 61. h5 f6 62. e6 Kd6 63. Kd2
Rf4 64. Ke3 Rc4 65. Kd2 Rf4 66. Ke3 Nd5+ 67. Kd3 Rf2 68. Kd4 Rd2+ 69. Ke4
Nb4 70. g5 fxg5 71. Bg4 Na2 72. Ke3 Rg2 0-1

[Event "Superbet Varsavia Rapid 2022"]
[Site "Varsavia"]
[Date "20.05.2022"]
[Round "4R"]
[White "So, W"]
[Black "Aronian, L"]
[Result "1/2-1/2"]
[WhiteElo "2776"]
[BlackElo "2765"]
[EventDate "2022.05.17"]

1. Nf3 d5 2. g3 c5 3. Bg2 Nc6 4. d4 Nf6 5. O-O e6 6. c4 dxc4 7. dxc5 Qxd1
8. Rxd1 Bxc5 9. Nbd2 c3 10. bxc3 O-O 11. Nb3 Be7 12. c4 Bd7 13. Bb2 Rfd8
14. Nfd4 Rac8 15. Nb5 b6 16. Nd6 Rc7 17. Ba3 Ne5 18. Nb5 Bxb5 19. Rxd8+
Bxd8 20. cxb5 Nc4 21. Bb4 Be7 22. Bxe7 Rxe7 23. Rc1 Nd6 24. Nd4 g5 25. Nc6
Rc7 26. a4 Kg7 27. e3 Nb7 28. Kf1 Na5 29. Ke2 Nd7 30. f4 h6 31. h4 gxh4 32.
gxh4 Kf8 33. Rd1 Kg7 34. Rd4 Nb3 35. Rc4 Ndc5 36. Ne5 f6 37. Nc6 Rd7 38.
Nd4 Na5 39. Rxc5 bxc5 40. Nxe6+ Kf7 41. Nxc5 Rc7 42. Bd5+ Ke7 43. Ne6 Rc2+
44. Kd3 Rc1 45. Nd4 Kf8 46. Ke4 Rc3 47. h5 Kg7 48. Ne6+ Kf7 49. Nd4+ Kg7
50. Nc6 Nb7 51. Nxa7 Nc5+ 52. Kd4 Nxa4 53. b6 Rc1 54. b7 Rd1+ 55. Kc4 Rc1+
56. Kb4 Nc5 57. Nb5 Nd7 58. Nd4 Kf8 59. Nf5 Rb1+ 60. Bb3 Rh1 61. Kb5 Rxh5
62. e4 Rh3 63. Bc4 Rc3 64. Nxh6 Ke7 65. Nf5+ Kd8 66. Be6 Nb8 67. Bd5 Kc7
68. Nd4 Rc1 69. Ne6+ Kd6 70. Nd4 Nd7 71. Nb3 Rf1 72. f5 Kc7 73. Be6 Rb1 74.
Bd5 Rd1 75. Be6 Rb1 76. Bd5 Rd1 77. Be6 Rb1 78. Bd5 1/2-1/2

[Event "Superbet Varsavia Rapid 2022"]
[Site "Varsavia"]
[Date "20.05.2022"]
[Round "5R"]
[White "Shevchenko, K"]
[Black "Korobov, A"]
[Result "1/2-1/2"]
[WhiteElo "2644"]
[BlackElo "2671"]
[EventDate "2022.05.17"]

1. e4 c5 2. Nc3 d6 3. f4 Nc6 4. Nf3 a6 5. d4 cxd4 6. Nxd4 Nf6 7. Be2 e6 8.
Be3 Be7 9. Qd2 O-O 10. O-O-O Qc7 11. g4 Nxd4 12. Bxd4 b5 13. g5 Nd7 14. a3
Rb8 15. h4 Qa5 16. Kb1 Bd8 17. Rh3 e5 18. Ba7 Rb7 19. Bg1 exf4 20. Qxf4 b4
21. axb4 Qxb4 22. b3 Ne5 23. Nd5 Qa5 24. Rg3 Be6 25. Qd2 Qxd2 26. Rxd2 a5
27. Nc3 Be7 28. Ba6 Rb4 29. Kc1 f6 30. Nd5 Bxd5 31. Rxd5 fxg5 32. hxg5 a4
33. Rd4 Rxd4 34. Bxd4 axb3 35. cxb3 Rb8 36. Bxe5 dxe5 37. Bc4+ Kf8 38. Kc2
Rb6 39. Rf3+ Ke8 40. Rf5 Kd8 41. Bf7 Rc6+ 42. Kd3 Rd6+ 43. Kc2 Rc6+ 44. Kd3
Rd6+ 45. Ke2 Rd7 46. Be6 Rd6 47. Bf7 Rd7 48. Bg8 h6 49. gxh6 gxh6 50. Rxe5
Rd4 51. Bd5 Bg5 52. Kf3 Kc7 53. Kg4 Rd1 54. Re6 Rf1 55. Kh5 Rf6 56. Re8 Kd7
57. Rb8 Kd6 58. b4 Be3 59. Re8 Kd7 60. Ra8 Rb6 61. Ra4 Bd2 62. e5 Rb5 63.
Ra7+ Kd8 64. Ra8+ Ke7 65. Ra7+ Kd8 66. Ra5 Rxa5 67. bxa5 Bxa5 1/2-1/2

[Event "Superbet Varsavia Rapid 2022"]
[Site "Varsavia"]
[Date "20.05.2022"]
[Round "5R"]
[White "Duda, J"]
[Black "So, W"]
[Result "0-1"]
[WhiteElo "2750"]
[BlackElo "2776"]
[EventDate "2022.05.17"]

1. e4 e5 2. Nf3 Nc6 3. Bb5 Nf6 4. d3 Bc5 5. c3 d5 6. exd5 Qxd5 7. Bc4 Qd6
8. Nbd2 O-O 9. b4 Bb6 10. a4 Bf5 11. a5 Bxf2+ 12. Kxf2 Bxd3 13. Bxd3 Qxd3
14. Qe2 Qxc3 15. Ra3 Qxb4 16. Qc4 e4 17. Ne5 Rad8 18. Qxb4 Nxb4 19. Ndc4
Rfe8 20. Bg5 Rd4 21. Be3 Ng4+ 22. Nxg4 Rxc4 23. Bxa7 Nd3+ 24. Kg3 f5 25.
Rb1 c5 26. Rxb7 e3 27. Nh6+ gxh6 28. Rxd3 e2 29. Rb1 e1=Q+ 30. Rxe1 Rxe1
31. Rd5 Re3+ 32. Kf2 Ra3 33. Rxc5 Rxc5 34. Bxc5 Rxa5 35. Be3 Kg7 36. Kf3
Ra4 37. Bf4 Ra3+ 38. Kf2 h5 39. Be3 Kf6 40. Bf4 Ke6 41. Bb8 Kd5 42. h3 Ke4
43. Bc7 Rc3 44. Bb8 Rc8 45. Ba7 Rc1 46. Ke2 Rc7 47. Bb6 Rc2+ 48. Kf1 Kf4
49. Bf2 Rc1+ 50. Ke2 Rb1 51. Bh4 h6 52. Kf2 Rb2+ 53. Kg1 Ke3 54. Kh1 Ke2
55. Kg1 Rb1+ 56. Kh2 Kf1 57. Bf6 Rb6 58. Be5 Re6 59. Bf4 Re2 60. Kg3 h4+
61. Kxh4 Kxg2 62. Bxh6 Re4+ 0-1

[Event "Superbet Varsavia Rapid 2022"]
[Site "Varsavia"]
[Date "20.05.2022"]
[Round "5R"]
[White "Gavrilescu, D"]
[Black "Wojtaszek, R"]
[Result "1/2-1/2"]
[WhiteElo "2518"]
[BlackElo "2696"]
[EventDate "2022.05.17"]

1. e4 c5 2. Nf3 d6 3. Bb5+ Bd7 4. c4 Nf6 5. Nc3 g6 6. d4 cxd4 7. Nxd4 Bg7
8. O-O O-O 9. h3 a6 10. Bxd7 Nbxd7 11. b3 Rc8 12. Bb2 Qa5 13. Nd5 Rfe8 14.
Re1 e6 15. Nxf6+ Nxf6 16. Qd3 d5 17. exd5 exd5 18. Rxe8+ Rxe8 19. Nf3 dxc4
20. Qxc4 Qd5 21. Qxd5 Nxd5 22. Bxg7 Kxg7 23. Rd1 Nf6 24. Rd2 Rc8 25. g3 Ne4
26. Rd4 f5 27. Nd2 Rc1+ 28. Kg2 Rd1 29. Nf3 Rxd4 30. Nxd4 Kf6 31. f4 Ke7
32. Kf3 Kd6 33. g4 Kd5 34. Nc2 Nc3 35. gxf5 gxf5 36. a3 Nb5 37. Ke3 a5 38.
Kd3 Nd6 39. Ne3+ Kc5 40. Nc2 Kd5 41. Ne3+ Kc5 42. Nc2 Kd5 1/2-1/2

[Event "Superbet Varsavia Rapid 2022"]
[Site "Varsavia"]
[Date "20.05.2022"]
[Round "5R"]
[White "Caruana, F"]
[Black "Rapport, R"]
[Result "0-1"]
[WhiteElo "2786"]
[BlackElo "2776"]
[EventDate "2022.05.17"]

1. e4 e6 2. d4 d5 3. Nc3 Bb4 4. e5 c5 5. a3 Bxc3+ 6. bxc3 Qc7 7. Qg4 f6 8.
Nf3 c4 9. Qh5+ Qf7 10. Qxf7+ Kxf7 11. g4 Bd7 12. Bf4 Nc6 13. h4 h5 14. gxh5
Rxh5 15. Be2 Rh7 16. Kd2 Nce7 17. h5 Nf5 18. Rag1 Nge7 19. Nh2 Rah8 20. Ng4
Be8 21. Rh2 Ng8 22. Ne3 Nxe3 23. fxe3 f5 24. Rhg2 Kf8 25. Kc1 Bxh5 26. Bxh5
Rxh5 27. Rxg7 Ne7 28. Kb2 Rg8 29. Rxg8+ Nxg8 30. a4 Ne7 31. Ka3 Nc6 32. Rg6
Kf7 33. Rf6+ Ke7 34. Bh6 Rh2 35. Kb2 Rg2 36. Bf8+ Kd7 37. Bd6 Rg7 38. Rf8
Nd8 39. Bc5 b6 40. Bd6 Rg3 41. Bb8 Nc6 42. Bd6 Nd8 43. Bb8 a5 44. Ba7 Rxe3
45. Bxb6 Nb7 46. Rf7+ Kc6 47. Ba7 Rg3 48. Rf6 Nd8 49. Bc5 Rg7 50. Rf8 Nb7
51. Ba3 Kd7 52. Kc1 Nd8 53. Bc5 Rf7 54. Rh8 f4 55. Kd2 f3 56. Ke1 f2+ 57.
Kf1 Rf3 58. Rh7+ Kc6 59. Be7 Nf7 60. Bf6 Nd6 61. exd6 Rxf6 62. Ra7 Kxd6 63.
Ra6+ Kc7 64. Rxa5 Rf3 65. Rc5+ Kb7 66. a5 Rxc3 67. Kxf2 Rxc2+ 68. Ke3 Rh2
69. Kf4 Re2 70. Kg5 Rf2 0-1

[Event "Superbet Varsavia Rapid 2022"]
[Site "Varsavia"]
[Date "20.05.2022"]
[Round "6R"]
[White "Korobov, A"]
[Black "Rapport, R"]
[Result "0-1"]
[WhiteElo "2671"]
[BlackElo "2776"]
[EventDate "2022.05.17"]

1. c4 g6 2. Nc3 Bg7 3. Nf3 Nf6 4. e4 d6 5. d4 O-O 6. Be2 e5 7. O-O Na6 8.
d5 Nc5 9. Qc2 a5 10. Bg5 h6 11. Be3 b6 12. Nd2 Ng4 13. Bxg4 Bxg4 14. a3 Bd7
15. b4 Nb7 16. c5 axb4 17. axb4 bxc5 18. bxc5 Nxc5 19. Bxc5 dxc5 20. Na4 c6
21. d6 Be6 22. Qxc5 Ra5 23. Qc3 Ra7 24. Qxc6 Qa8 25. Qc2 Rc8 26. Qd1 Rc6
27. Nb3 Rxa4 28. d7 Bxd7 29. Rxa4 Qxa4 30. Qxd7 Qxe4 31. Nd2 Qc2 32. Nf3
Re6 33. h3 Qc6 34. Qxc6 Rxc6 35. Re1 Rc5 36. g4 f5 37. gxf5 gxf5 38. Nh4 e4
39. Nxf5 Rxf5 40. Rxe4 Kf7 41. Kg2 Bf8 42. Re3 Rg5+ 43. Rg3 Ra5 44. Rf3+
Kg7 45. Rg3+ Kh7 46. Rf3 Bg7 47. Rf4 Ra2 48. Rf3 Bd4 49. Rf4 Ba7 50. Rf3
Kg6 51. Rg3+ Kh5 52. Rf3 Ra5 53. Rg3 Rg5 54. Rg4 Rf5 55. f3 Rb5 56. f4 Bb8
57. Kg3 Rb3+ 58. Kg2 Bd6 59. Kh2 Rb2+ 60. Kg3 Be7 61. f5 Bd6+ 62. Kf3 Rh2
63. Re4 Rxh3+ 64. Kg2 Rd3 65. Re2 Kg5 66. f6 Kxf6 67. Rf2+ Kg5 68. Rf3 Rd2+
69. Rf2 Rd4 70. Re2 Kg4 71. Rf2 Bf4 72. Re2 Rd3 73. Rf2 Rg3+ 74. Kh1 Rh3+
75. Kg2 Rh2+ 76. Kg1 Rh5 77. Kg2 Bg3 78. Rf8 Rh2+ 79. Kg1 Rd2 80. Rf1 Kh3
81. Rb1 Rg2+ 0-1